Conflict, Governance and Prospects for Peace in Pre-Merger Federally Administered Tribal Areas (FATA) of Pakistan/ (Record no. 610167)

000 -LEADER
fixed length control field 00532nam a22001577a 4500
003 - CONTROL NUMBER IDENTIFIER
control field NUST
038 ## - RECORD CONTENT LICENSOR
Staff Name Nusrat Nadeem
082 ## - DEWEY DECIMAL CLASSIFICATION NUMBER
Classification number 200
100 ## - MAIN ENTRY--PERSONAL NAME
Personal name Zeb, Khan
245 ## - TITLE STATEMENT
Title Conflict, Governance and Prospects for Peace in Pre-Merger Federally Administered Tribal Areas (FATA) of Pakistan/
Statement of responsibility, etc. Khan Zeb
264 ## - PRODUCTION, PUBLICATION, DISTRIBUTION, MANUFACTURE, AND COPYRIGHT NOTICE
Place of production, publication, distribution, manufacture Islamabad;
Name of producer, publisher, distributor, manufacturer CIPS NUST;
Date of production, publication, distribution, manufacture, or copyright notice 2022.
300 ## - PHYSICAL DESCRIPTION
Extent 254,p;
Other physical details ill;
Dimensions 30,cm.
700 ## - ADDED ENTRY--PERSONAL NAME
Personal name Supervisor: Dr. Bakare Najimdeen
856 ## - ELECTRONIC LOCATION AND ACCESS
Uniform Resource Identifier <a href="http://10.250.8.41:8080/xmlui/handle/123456789/31600">http://10.250.8.41:8080/xmlui/handle/123456789/31600</a>
942 ## - ADDED ENTRY ELEMENTS (KOHA)
Source of classification or shelving scheme
Koha item type Soft Copy
Holdings
Withdrawn status Permanent Location Current Location Shelving location Date acquired Full call number Barcode Koha item type
  Central Library (CL) Central Library (CL) Thesis 07/09/2024 200 CLPT-277 Soft Copy
© 2023 Central Library, National University of Sciences and Technology. All Rights Reserved.